[Event "Girls U12 Polish Youth Championship"]
[Site "chess24.com"]
[Date "2018.05.03"]
[Round "6"]
[White "Arciszewska, Zuzanna"]
[Black "Pudelko, Magdalena"]
[Result "1-0"]
[Board "12"]
[WhiteElo "1302"]
[WhiteCountry "POL"]
[WhiteFideId "21816549"]
[WhiteEloChange "8"]
[BlackElo "1241"]
[BlackCountry "POL"]
[BlackFideId "21839093"]
[BlackEloChange "-8"]

1. d4 {[%clk 1:30:55]} d5 {[%clk 1:30:37]} 2. Nf3 {[%clk 1:30:50]} Nf6 {[%clk
1:31:05]} 3. e3 {[%clk 1:30:41]} Bg4 {[%clk 1:31:28]} 4. Be2 {[%clk 1:30:13]} Nc6
{[%clk 1:30:45]} 5. O-O {[%clk 1:28:52]} e6 {[%clk 1:31:03]} 6. Nbd2 {[%clk
1:27:28]} Bd6 {[%clk 1:30:20]} 7. c4 {[%clk 1:26:27]} O-O {[%clk 1:29:04]} 8. Qb3
{[%clk 1:23:58]} b6 {[%clk 1:27:43]} 9. a3 {[%clk 1:20:24]} Re8 {[%clk 1:25:15]}
10. Qc2 {[%clk 1:17:46]} Bf5 {[%clk 1:23:48]} 11. Qc3 {[%clk 1:13:43]} Ne4 {[%clk
1:20:19]} 12. Nxe4 {[%clk 1:13:35]} Bxe4 {[%clk 1:20:29]} 13. cxd5 {[%clk
1:13:14]} Bxd5 {[%clk 1:19:49]} 14. b4 {[%clk 1:08:27]} Ne7 {[%clk 1:18:48]} 15.
Qc2 {[%clk 1:07:24]} h6 {[%clk 1:18:03]} 16. e4 {[%clk 1:07:25]} Bb7 {[%clk
1:17:56]} 17. e5 {[%clk 1:07:52]} Nf5 {[%clk 1:12:48]} 18. exd6 {[%clk 1:06:53]}
Qxd6 {[%clk 1:12:17]} 19. Bb2 {[%clk 1:05:13]} Qd5 {[%clk 1:11:47]} 20. Qxc7
{[%clk 1:03:27]} Rac8 {[%clk 1:11:17]} 21. Qe5 {[%clk 1:02:14]} Red8 {[%clk
1:07:44]} 22. Rac1 {[%clk 1:00:54]} Qxe5 {[%clk 0:51:57]} 23. dxe5 {[%clk
1:00:32]} Bxf3 {[%clk 0:49:07]} 24. Bxf3 {[%clk 1:00:06]} Nh4 {[%clk 0:49:24]}
25. Rxc8 {[%clk 0:58:12]} Rxc8 {[%clk 0:49:51]} 26. Rc1 {[%clk 0:58:16]} Rd8
{[%clk 0:49:50]} 27. Be4 {[%clk 0:54:20]} g6 {[%clk 0:48:20]} 28. g3 {[%clk
0:54:32]} Nf5 {[%clk 0:47:50]} 29. Bxf5 {[%clk 0:54:20]} gxf5 {[%clk 0:47:53]}
30. Rc7 {[%clk 0:54:14]} Rd2 {[%clk 0:45:45]} 31. Bc1 {[%clk 0:52:09]} Re2 {[%clk
0:45:09]} 32. Bxh6 {[%clk 0:51:24]} Kh7 {[%clk 0:45:01]} 33. Be3 {[%clk 0:51:34]}
Kg6 {[%clk 0:44:55]} 34. Rxa7 {[%clk 0:51:15]} Kh5 {[%clk 0:45:00]} 35. Rxf7
{[%clk 0:51:37]} Kg4 {[%clk 0:44:54]} 36. Kg2 {[%clk 0:51:57]} b5 {[%clk
0:44:57]} 37. Rh7 {[%clk 0:51:21]} f4 {[%clk 0:44:05]} 38. h3+ {[%clk 0:51:04]}
Kf5 {[%clk 0:44:29]} 39. Bxf4 {[%clk 0:51:26]} Ra2 {[%clk 0:44:13]} 40. Rf7+
{[%clk 0:51:46]} Ke4 {[%clk 0:44:34]} 41. Ra7 {[%clk 0:51:54]} Kf5 {[%clk
0:44:47]} 42. Kf3 {[%clk 0:52:05]} Ra1 {[%clk 0:44:33]} 43. Rf7+ {[%clk 0:52:08]}
Kg6 {[%clk 0:44:58]} 44. Rf6+ {[%clk 0:52:34]} Kg7 {[%clk 0:45:05]} 45. Rxe6
{[%clk 0:52:57]} Rxa3+ {[%clk 0:45:17]} 46. Kg4 {[%clk 0:53:19]} Rb3 {[%clk
0:45:21]} 47. Kg5 {[%clk 0:53:16]} Rxb4 {[%clk 0:45:41]} 48. Re7+ {[%clk
0:53:38]} Kf8 {[%clk 0:45:28]} 49. Kf6 {[%clk 0:53:56]} Rc4 {[%clk 0:45:44]} 50.
Bh6+ {[%clk 0:53:39]} Kg8 {[%clk 0:45:51]} 51. Kg6 {[%clk 0:54:00]} Rc8 {[%clk
0:45:48]} 52. e6 {[%clk 0:53:57]} b4 {[%clk 0:46:01]} 53. Rb7 {[%clk 0:53:42]} b3
{[%clk 0:46:19]} 54. f4 {[%clk 0:53:47]} b2 {[%clk 0:46:34]} 55. Rxb2 {[%clk
0:53:55]} Re8 {[%clk 0:46:53]} 56. f5 {[%clk 0:54:06]} Kh8 {[%clk 0:46:37]} 57.
Kf7 {[%clk 0:54:08]} Rg8 {[%clk 0:46:46]} 58. e7 {[%clk 0:54:12]} Kh7 {[%clk
0:46:49]} 59. e8Q {[%clk 0:53:58]} Rg7+ {[%clk 0:46:02]} 60. Kf6 {[%clk 0:53:59]}
Rc7 {[%clk 0:45:25]} 61. Qg6+ {[%clk 0:54:21]} Kh8 {[%clk 0:45:04]} 62. Rb8+
{[%clk 0:54:40]} Rc8 {[%clk 0:45:25]} 63. Qg7# {[%clk 0:54:50]} 1-0

[Event "Girls U12 Polish Youth Championship"]
[Site "chess24.com"]
[Date "2018.05.03"]
[Round "6"]
[White "Mazurek, Maja"]
[Black "Palejko, Maria"]
[Result "0-1"]
[Board "13"]
[WhiteElo "1233"]
[WhiteCountry "POL"]
[WhiteFideId "21836426"]
[WhiteEloChange "-8"]
[BlackElo "1294"]
[BlackCountry "POL"]
[BlackFideId "21838208"]
[BlackEloChange "8"]

1. d4 {[%clk 1:30:55]} d5 {[%clk 1:30:49]} 2. c4 {[%clk 1:31:09]} e6 {[%clk
1:31:08]} 3. cxd5 {[%clk 1:31:10]} exd5 {[%clk 1:31:24]} 4. Nc3 {[%clk 1:31:25]}
Nf6 {[%clk 1:30:13]} 5. Bg5 {[%clk 1:30:28]} Be7 {[%clk 1:30:31]} 6. Nf3 {[%clk
1:29:58]} O-O {[%clk 1:28:59]} 7. e3 {[%clk 1:29:40]} Bg4 {[%clk 1:24:55]} 8. Qb3
{[%clk 1:23:33]} Nbd7 {[%clk 0:59:17]} 9. Nxd5 {[%clk 1:18:37]} Nxd5 {[%clk
0:50:17]} 10. Qxd5 {[%clk 1:17:38]} Bxf3 {[%clk 0:50:24]} 11. Bxe7 {[%clk
1:14:37]} Bxd5 {[%clk 0:50:20]} 12. Bxd8 {[%clk 1:14:50]} Raxd8 {[%clk 0:50:16]}
13. f3 {[%clk 1:14:10]} b6 {[%clk 0:49:54]} 14. Bb5 {[%clk 1:11:21]} c6 {[%clk
0:47:42]} 15. Bd3 {[%clk 1:10:34]} f5 {[%clk 0:42:33]} 16. O-O {[%clk 1:06:39]}
g6 {[%clk 0:38:02]} 17. b3 {[%clk 1:06:36]} Rfe8 {[%clk 0:37:00]} 18. Rfe1 {[%clk
1:05:45]} Nf6 {[%clk 0:36:41]} 19. Rac1 {[%clk 1:05:49]} Kg7 {[%clk 0:36:12]} 20.
Kf2 {[%clk 0:58:58]} h5 {[%clk 0:35:37]} 21. h4 {[%clk 0:56:25]} a5 {[%clk
0:35:22]} 22. Rc2 {[%clk 0:46:35]} Re7 {[%clk 0:33:06]} 23. Kf1 {[%clk 0:39:02]}
b5 {[%clk 0:27:17]} 24. Kf2 {[%clk 0:37:06]} Ra8 {[%clk 0:26:12]} 25. Rb1 {[%clk
0:32:05]} a4 {[%clk 0:24:44]} 26. b4 {[%clk 0:29:30]} Rc8 {[%clk 0:21:51]} 27.
Re1 {[%clk 0:23:24]} Rce8 {[%clk 0:19:40]} 28. Rce2 {[%clk 0:20:00]} Nd7 {[%clk
0:17:17]} 29. Rc2 {[%clk 0:19:54]} Nb6 {[%clk 0:17:01]} 30. Rd2 {[%clk 0:18:36]}
Kf6 {[%clk 0:15:40]} 31. Rc2 {[%clk 0:18:01]} Bc4 {[%clk 0:15:38]} 32. Bxc4
{[%clk 0:16:39]} Nxc4 {[%clk 0:15:59]} 33. Rce2 {[%clk 0:16:21]} g5 {[%clk
0:15:10]} 34. hxg5+ {[%clk 0:13:45]} Kxg5 {[%clk 0:15:32]} 35. e4 {[%clk
0:13:29]} fxe4 {[%clk 0:15:08]} 36. fxe4 {[%clk 0:13:03]} Rf8+ {[%clk 0:14:49]}
37. Kg3 {[%clk 0:12:09]} Rg7 {[%clk 0:13:43]} 38. Kh3 {[%clk 0:11:56]} Rf4 {[%clk
0:12:17]} 39. Kg3 {[%clk 0:08:21]} Nd6 {[%clk 0:11:31]} 40. d5 {[%clk 0:06:56]}
cxd5 {[%clk 0:11:04]} 41. exd5 {[%clk 0:03:40]} Nf5+ {[%clk 0:11:02]} 42. Kh2
{[%clk 0:03:12]} Rh4+ {[%clk 0:09:00]} 43. Kg1 {[%clk 0:03:21]} Rf7 {[%clk
0:07:10]} 44. Re4 {[%clk 0:02:00]} Rxe4 {[%clk 0:05:48]} 45. Rxe4 {[%clk
0:02:23]} Rd7 {[%clk 0:05:43]} 46. Re5 {[%clk 0:00:59]} Kf4 {[%clk 0:05:47]} 47.
Re2 {[%clk 0:00:56]} Rxd5 {[%clk 0:05:55]} 48. Kf2 {[%clk 0:00:59]} Ng3 {[%clk
0:05:42]} 49. Rb2 {[%clk 0:00:48]} Ne4+ {[%clk 0:06:03]} 50. Ke2 {[%clk 0:00:40]}
Nc3+ {[%clk 0:05:58]} 51. Kf1 {[%clk 0:00:35]} Kg3 {[%clk 0:06:00]} 52. Ke1
{[%clk 0:00:26]} 0-1

[Event "Girls U12 Polish Youth Championship"]
[Site "chess24.com"]
[Date "2018.05.03"]
[Round "6"]
[White "Kowalczyk, Barbara"]
[Black "Wiecek, Karolina"]
[Result "1-0"]
[Board "14"]
[WhiteElo "1261"]
[WhiteCountry "POL"]
[WhiteFideId "21837317"]
[WhiteEloChange "9"]
[BlackElo "1221"]
[BlackCountry "POL"]
[BlackFideId "1198440"]
[BlackEloChange "-9"]

1. e4 {[%clk 1:30:59]} d5 {[%clk 1:30:49]} 2. exd5 {[%clk 1:30:48]} Nf6 {[%clk
1:31:06]} 3. d4 {[%clk 1:30:19]} Nxd5 {[%clk 1:31:15]} 4. Nf3 {[%clk 1:29:18]} g6
{[%clk 1:31:02]} 5. Bc4 {[%clk 1:27:53]} Nb6 {[%clk 1:29:17]} 6. Bb3 {[%clk
1:24:59]} Bg7 {[%clk 1:25:31]} 7. c4 {[%clk 1:18:17]} Nc6 {[%clk 1:22:48]} 8. d5
{[%clk 1:15:39]} Ne5 {[%clk 1:09:36]} 9. Nxe5 {[%clk 1:14:43]} Bxe5 {[%clk
1:09:59]} 10. Qe2 {[%clk 1:14:17]} Bg7 {[%clk 1:04:32]} 11. O-O {[%clk 1:14:04]}
O-O {[%clk 0:55:00]} 12. Re1 {[%clk 1:12:23]} e6 {[%clk 0:49:38]} 13. dxe6 {[%clk
1:10:15]} Bxe6 {[%clk 0:45:08]} 14. Rd1 {[%clk 1:08:06]} Qf6 {[%clk 0:37:06]} 15.
Nc3 {[%clk 1:05:38]} Rfe8 {[%clk 0:37:08]} 16. Ne4 {[%clk 1:02:00]} Qe5 {[%clk
0:35:03]} 17. Re1 {[%clk 0:57:51]} Bf5 {[%clk 0:34:30]} 18. Bc2 {[%clk 0:50:46]}
Qd4 {[%clk 0:34:10]} 19. c5 {[%clk 0:36:37]} Bxe4 {[%clk 0:33:29]} 20. cxb6
{[%clk 0:32:12]} Bxc2 {[%clk 0:32:27]} 21. Qxe8+ {[%clk 0:32:06]} Rxe8 {[%clk
0:32:48]} 22. Rxe8+ {[%clk 0:32:23]} Bf8 {[%clk 0:33:16]} 23. Bh6 {[%clk
0:32:09]} Qd6 {[%clk 0:30:07]} 24. Rxf8+ {[%clk 0:32:03]} Qxf8 {[%clk 0:30:27]}
25. Bxf8 {[%clk 0:32:25]} Kxf8 {[%clk 0:30:56]} 26. Rc1 {[%clk 0:32:42]} Bf5
{[%clk 0:31:16]} 27. bxa7 {[%clk 0:32:59]} Bc8 {[%clk 0:31:33]} 28. a8Q {[%clk
0:33:14]} 1-0

[Event "Girls U12 Polish Youth Championship"]
[Site "chess24.com"]
[Date "2018.05.03"]
[Round "6"]
[White "Roszkiewicz, Zofia"]
[Black "Szymajda, Karolina"]
[Result "0-1"]
[Board "15"]
[WhiteElo "1257"]
[WhiteCountry "POL"]
[WhiteFideId "21837384"]
[WhiteEloChange "-11"]
[BlackElo "1215"]
[BlackCountry "POL"]
[BlackFideId "21836566"]
[BlackEloChange "11"]

1. e4 {[%clk 1:30:58]} c5 {[%clk 1:30:54]} 2. Nf3 {[%clk 1:31:24]} e6 {[%clk
1:31:18]} 3. d4 {[%clk 1:31:49]} d5 {[%clk 1:31:45]} 4. exd5 {[%clk 1:32:13]}
exd5 {[%clk 1:32:08]} 5. Bb5+ {[%clk 1:32:38]} Nc6 {[%clk 1:32:31]} 6. O-O {[%clk
1:33:03]} a6 {[%clk 1:30:38]} 7. Bxc6+ {[%clk 1:33:16]} bxc6 {[%clk 1:31:02]} 8.
Re1+ {[%clk 1:32:47]} Be6 {[%clk 1:31:19]} 9. Ng5 {[%clk 1:31:55]} Qf6 {[%clk
1:22:10]} 10. dxc5 {[%clk 1:30:17]} Bxc5 {[%clk 1:22:03]} 11. Qe2 {[%clk
1:30:03]} Ne7 {[%clk 1:21:44]} 12. Nxe6 {[%clk 1:30:01]} fxe6 {[%clk 1:21:54]}
13. Be3 {[%clk 1:24:45]} Bd6 {[%clk 1:16:37]} 14. Nc3 {[%clk 1:21:29]} O-O {[%clk
1:11:36]} 15. Bg5 {[%clk 1:19:26]} Bxh2+ {[%clk 1:01:15]} 16. Kxh2 {[%clk
1:19:38]} Qxg5 {[%clk 1:01:30]} 17. Qxe6+ {[%clk 1:19:45]} Rf7 {[%clk 1:00:52]}
18. Qe3 {[%clk 1:18:07]} Qh4+ {[%clk 1:00:01]} 19. Kg1 {[%clk 1:17:21]} d4 {[%clk
0:59:30]} 20. Qg3 {[%clk 1:15:56]} Qxg3 {[%clk 0:59:44]} 21. fxg3 {[%clk
1:16:07]} dxc3 {[%clk 1:00:04]} 22. bxc3 {[%clk 1:16:32]} Nd5 {[%clk 0:58:42]}
23. Re6 {[%clk 1:16:25]} Rf6 {[%clk 0:58:37]} 24. Rxf6 {[%clk 1:15:59]} Nxf6
{[%clk 0:59:04]} 25. Re1 {[%clk 1:16:00]} Re8 {[%clk 0:59:18]} 26. Rxe8+ {[%clk
1:15:43]} Nxe8 {[%clk 0:59:45]} 27. Kf2 {[%clk 1:16:06]} Nf6 {[%clk 0:58:39]} 28.
Ke3 {[%clk 1:16:30]} Nd5+ {[%clk 0:58:27]} 29. Kd4 {[%clk 1:16:50]} Kf7 {[%clk
0:54:20]} 30. c4 {[%clk 1:17:18]} Nb4 {[%clk 0:54:40]} 31. Kc5 {[%clk 1:17:34]}
Nxa2 {[%clk 0:54:06]} 32. Kxc6 {[%clk 1:17:41]} Nb4+ {[%clk 0:54:17]} 33. Kb6
{[%clk 1:17:57]} Nxc2 {[%clk 0:54:37]} 34. Kxa6 {[%clk 1:18:11]} Ke7 {[%clk
0:54:34]} 35. Kb6 {[%clk 1:18:29]} Kd7 {[%clk 0:51:31]} 36. Kb7 {[%clk 1:18:49]}
Nd4 {[%clk 0:51:51]} 37. c5 {[%clk 1:18:22]} g5 {[%clk 0:50:11]} 38. g4 {[%clk
1:18:28]} Ke6 {[%clk 0:47:30]} 39. c6 {[%clk 1:17:56]} Nxc6 {[%clk 0:47:40]} 40.
Kxc6 {[%clk 1:18:23]} Ke5 {[%clk 0:48:00]} 41. g3 {[%clk 1:18:19]} Ke4 {[%clk
0:48:25]} 42. Kd6 {[%clk 1:18:43]} Kf3 {[%clk 0:48:33]} 43. Ke5 {[%clk 1:19:06]}
Kxg4 {[%clk 0:48:33]} 0-1

[Event "Girls U12 Polish Youth Championship"]
[Site "chess24.com"]
[Date "2018.05.03"]
[Round "6"]
[White "Miranowska, Anna"]
[Black "Bukala, Weronika"]
[Result "1-0"]
[Board "16"]
[WhiteElo "1146"]
[WhiteCountry "POL"]
[WhiteFideId "21847274"]
[WhiteEloChange "13"]
[BlackElo "1255"]
[BlackCountry "POL"]
[BlackFideId "21859515"]
[BlackEloChange "-13"]

1. d4 {[%clk 1:30:59]} d5 {[%clk 1:30:29]} 2. Nf3 {[%clk 1:31:25]} e6 {[%clk
1:29:58]} 3. c4 {[%clk 1:31:50]} Nf6 {[%clk 1:29:10]} 4. Nc3 {[%clk 1:32:05]} Be7
{[%clk 1:28:19]} 5. Bg5 {[%clk 1:32:22]} Nbd7 {[%clk 1:26:57]} 6. e3 {[%clk
1:31:48]} h6 {[%clk 1:24:25]} 7. Bh4 {[%clk 1:32:05]} b6 {[%clk 1:23:07]} 8. cxd5
{[%clk 1:31:18]} Nxd5 {[%clk 1:21:01]} 9. Nxd5 {[%clk 1:30:29]} exd5 {[%clk
1:20:01]} 10. Bxe7 {[%clk 1:28:17]} Qxe7 {[%clk 1:18:32]} 11. Rc1 {[%clk
1:25:29]} Qb4+ {[%clk 1:05:09]} 12. Qd2 {[%clk 1:23:39]} Qxd2+ {[%clk 1:03:30]}
13. Nxd2 {[%clk 1:22:17]} c5 {[%clk 0:58:38]} 14. Nb3 {[%clk 1:17:10]} c4 {[%clk
0:56:04]} 15. Nd2 {[%clk 1:17:28]} O-O {[%clk 0:54:11]} 16. Be2 {[%clk 1:17:35]}
a5 {[%clk 0:52:29]} 17. a4 {[%clk 1:16:01]} Ba6 {[%clk 0:50:41]} 18. b3 {[%clk
1:03:09]} Rfc8 {[%clk 0:30:20]} 19. bxc4 {[%clk 0:56:13]} Ra7 {[%clk 0:24:42]}
20. O-O {[%clk 0:48:51]} Rac7 {[%clk 0:21:58]} 21. Rc3 {[%clk 0:40:19]} b5 {[%clk
0:13:51]} 22. axb5 {[%clk 0:40:01]} Bxb5 {[%clk 0:14:14]} 23. Rfc1 {[%clk
0:28:14]} a4 {[%clk 0:08:36]} 24. Kf1 {[%clk 0:25:07]} dxc4 {[%clk 0:06:41]} 25.
Ke1 {[%clk 0:16:23]} f5 {[%clk 0:04:29]} 26. Rb1 {[%clk 0:08:13]} Bc6 {[%clk
0:03:16]} 27. Bxc4+ {[%clk 0:06:20]} Kh8 {[%clk 0:03:33]} 28. Bb5 {[%clk
0:03:42]} Bxb5 {[%clk 0:03:34]} 29. Rxc7 {[%clk 0:04:04]} Rxc7 {[%clk 0:03:51]}
30. Rxb5 {[%clk 0:04:26]} Ra7 {[%clk 0:04:07]} 31. Rb1 {[%clk 0:04:09]} Nf6
{[%clk 0:03:55]} 32. h3 {[%clk 0:03:23]} a3 {[%clk 0:03:50]} 33. Ra1 {[%clk
0:03:33]} Nd5 {[%clk 0:03:53]} 34. Kd1 {[%clk 0:02:44]} f4 {[%clk 0:03:23]} 35.
e4 {[%clk 0:02:33]} Nf6 {[%clk 0:03:08]} 36. f3 {[%clk 0:02:24]} g5 {[%clk
0:02:58]} 37. Nb1 {[%clk 0:01:52]} Ra4 {[%clk 0:02:43]} 38. d5 {[%clk 0:01:47]}
h5 {[%clk 0:02:56]} 39. Rxa3 {[%clk 0:01:49]} Rd4+ {[%clk 0:03:09]} 40. Ke2
{[%clk 0:01:30]} Rb4 {[%clk 0:03:06]} 41. Nd2 {[%clk 0:01:31]} Rb2 {[%clk
0:02:47]} 42. Ra6 {[%clk 0:01:50]} Kg7 {[%clk 0:02:52]} 43. Ra7+ {[%clk 0:02:12]}
Kf8 {[%clk 0:03:07]} 44. Ra3 {[%clk 0:01:27]} g4 {[%clk 0:03:18]} 45. Ra8+ {[%clk
0:01:23]} Kg7 {[%clk 0:03:36]} 46. Ra7+ {[%clk 0:01:50]} Kg8 {[%clk 0:03:41]} 47.
Ra8+ {[%clk 0:02:16]} Kg7 {[%clk 0:03:58]} 48. Ra7+ {[%clk 0:02:36]} Kg8 {[%clk
0:04:06]} 49. d6 {[%clk 0:02:42]} Rb5 {[%clk 0:03:58]} 50. d7 {[%clk 0:02:37]}
Rb8 {[%clk 0:04:12]} 51. Rc7 {[%clk 0:02:42]} Nxd7 {[%clk 0:04:01]} 52. Rxd7
{[%clk 0:03:08]} gxf3+ {[%clk 0:04:21]} 53. Kxf3 {[%clk 0:02:58]} Rf8 {[%clk
0:04:25]} 54. Rd5 {[%clk 0:03:01]} h4 {[%clk 0:04:38]} 55. Rh5 {[%clk 0:03:08]}
Rd8 {[%clk 0:04:55]} 56. Ke2 {[%clk 0:03:16]} Rd7 {[%clk 0:05:08]} 57. Rxh4
{[%clk 0:03:33]} Rg7 {[%clk 0:05:18]} 58. Rg4 {[%clk 0:03:53]} f3+ {[%clk
0:05:34]} 59. Kxf3 {[%clk 0:04:06]} Kh8 {[%clk 0:05:54]} 60. Rxg7 {[%clk
0:04:21]} Kxg7 {[%clk 0:06:14]} 61. g4 {[%clk 0:04:43]} Kh6 {[%clk 0:06:03]} 62.
Kf4 {[%clk 0:04:56]} Kg7 {[%clk 0:06:21]} 63. e5 {[%clk 0:05:16]} Kf7 {[%clk
0:06:42]} 64. Kf5 {[%clk 0:05:40]} Ke7 {[%clk 0:07:04]} 65. g5 {[%clk 0:05:59]}
Kf7 {[%clk 0:07:15]} 66. e6+ {[%clk 0:06:23]} Ke7 {[%clk 0:07:39]} 67. Ke5 {[%clk
0:06:38]} Ke8 {[%clk 0:08:02]} 68. Kd6 {[%clk 0:06:45]} Kd8 {[%clk 0:08:23]} 69.
e7+ {[%clk 0:07:11]} Ke8 {[%clk 0:08:39]} 70. h4 {[%clk 0:07:37]} Kf7 {[%clk
0:09:03]} 71. Kd7 {[%clk 0:08:00]} Kg7 {[%clk 0:08:56]} 72. e8Q {[%clk 0:08:23]}
Kh7 {[%clk 0:08:59]} 73. Qh5+ {[%clk 0:08:35]} Kg7 {[%clk 0:09:09]} 74. Ke6
{[%clk 0:08:30]} Kg8 {[%clk 0:09:27]} 75. Kf6 {[%clk 0:08:42]} Kf8 {[%clk
0:09:46]} 76. Qf7# {[%clk 0:09:06]} 1-0

[Event "Girls U12 Polish Youth Championship"]
[Site "chess24.com"]
[Date "2018.05.03"]
[Round "6"]
[White "Scisla, Oliwia"]
[Black "Olszewska, Wiktoria"]
[Result "1-0"]
[Board "17"]
[WhiteElo "1469"]
[WhiteCountry "POL"]
[WhiteFideId "21820465"]
[WhiteEloChange "2"]
[BlackElo "1117"]
[BlackCountry "POL"]
[BlackFideId "21836485"]
[BlackEloChange "-2"]

1. e4 {[%clk 1:30:56]} c5 {[%clk 1:30:50]} 2. Nc3 {[%clk 1:30:57]} Nc6 {[%clk
1:30:44]} 3. Bc4 {[%clk 1:30:56]} e6 {[%clk 1:29:55]} 4. f4 {[%clk 1:30:42]} g6
{[%clk 1:27:57]} 5. Nf3 {[%clk 1:29:42]} Bg7 {[%clk 1:27:04]} 6. O-O {[%clk
1:29:11]} Nge7 {[%clk 1:26:40]} 7. Bb3 {[%clk 1:28:38]} O-O {[%clk 1:25:55]} 8.
d3 {[%clk 1:28:16]} b6 {[%clk 1:24:47]} 9. Qe1 {[%clk 1:27:57]} h5 {[%clk
1:19:29]} 10. Qh4 {[%clk 1:26:09]} d5 {[%clk 1:17:29]} 11. h3 {[%clk 1:24:29]}
dxe4 {[%clk 1:13:20]} 12. dxe4 {[%clk 1:24:12]} Nd4 {[%clk 1:11:16]} 13. Ng5
{[%clk 1:22:23]} f6 {[%clk 1:05:21]} 14. Nf3 {[%clk 1:22:22]} Nec6 {[%clk
0:58:39]} 15. Qg3 {[%clk 1:21:46]} Nxf3+ {[%clk 0:57:24]} 16. Rxf3 {[%clk
1:21:27]} Qe8 {[%clk 0:55:08]} 17. Be3 {[%clk 1:20:12]} Bb7 {[%clk 0:50:56]} 18.
f5 {[%clk 1:19:37]} Nd4 {[%clk 0:47:24]} 19. Bxd4 {[%clk 1:14:38]} cxd4 {[%clk
0:45:39]} 20. Bxe6+ {[%clk 1:14:51]} Kh8 {[%clk 0:37:46]} 21. Nd5 {[%clk
1:14:58]} Bxd5 {[%clk 0:35:43]} 22. Bxd5 {[%clk 1:15:20]} Rd8 {[%clk 0:33:52]}
23. Qxg6 {[%clk 1:14:53]} Qxg6 {[%clk 0:31:27]} 24. fxg6 {[%clk 1:15:11]} Bh6
{[%clk 0:29:52]} 25. Rf5 {[%clk 1:14:36]} Kg7 {[%clk 0:25:09]} 26. Bf7 {[%clk
1:14:45]} Rc8 {[%clk 0:23:55]} 27. Rxh5 {[%clk 1:14:20]} Rxc2 {[%clk 0:23:41]}
28. Rd1 {[%clk 1:13:41]} Rxb2 {[%clk 0:20:44]} 29. Kh1 {[%clk 1:13:08]} Rb4
{[%clk 0:20:28]} 30. g4 {[%clk 1:12:08]} Rh8 {[%clk 0:19:35]} 31. Rd3 {[%clk
1:10:17]} Rd8 {[%clk 0:15:35]} 32. h4 {[%clk 1:10:02]} Rb1+ {[%clk 0:13:43]} 33.
Kh2 {[%clk 1:10:03]} Bf4+ {[%clk 0:13:48]} 34. Kg2 {[%clk 1:10:07]} Rh8 {[%clk
0:13:35]} 35. Rxh8 {[%clk 1:10:10]} Kxh8 {[%clk 0:13:55]} 36. Rxd4 {[%clk
1:10:21]} Bc7 {[%clk 0:13:17]} 37. Rc4 {[%clk 1:09:46]} Be5 {[%clk 0:12:37]} 38.
g5 {[%clk 1:09:24]} fxg5 {[%clk 0:11:49]} 39. hxg5 {[%clk 1:09:43]} Rb2+ {[%clk
0:11:50]} 40. Kf3 {[%clk 1:10:04]} b5 {[%clk 0:10:45]} 41. Rc8+ {[%clk 1:10:23]}
Kg7 {[%clk 0:11:10]} 42. Rg8# {[%clk 1:10:42]} 1-0

[Event "Girls U12 Polish Youth Championship"]
[Site "chess24.com"]
[Date "2018.05.03"]
[Round "6"]
[White "Tim, Anna"]
[Black "Janikowska, Wiktoria"]
[Result "1/2-1/2"]
[Board "18"]
[WhiteElo "1189"]
[WhiteCountry "POL"]
[WhiteFideId "21861633"]
[WhiteEloChange "5"]
[BlackElo "1369"]
[BlackCountry "POL"]
[BlackFideId "21836388"]
[BlackEloChange "-5"]

1. d4 {[%clk 1:30:52]} Nf6 {[%clk 1:30:51]} 2. c4 {[%clk 1:31:14]} g6 {[%clk
1:31:15]} 3. Nc3 {[%clk 1:31:20]} Bg7 {[%clk 1:31:36]} 4. e4 {[%clk 1:31:28]} d6
{[%clk 1:31:22]} 5. f3 {[%clk 1:31:24]} O-O {[%clk 1:31:24]} 6. Be3 {[%clk
1:30:45]} Nbd7 {[%clk 1:29:27]} 7. Qd2 {[%clk 1:29:59]} a5 {[%clk 1:21:53]} 8.
O-O-O {[%clk 1:23:02]} b6 {[%clk 1:12:18]} 9. g4 {[%clk 1:20:18]} Ba6 {[%clk
1:07:08]} 10. h4 {[%clk 1:16:25]} h5 {[%clk 0:53:14]} 11. Bd3 {[%clk 1:10:23]} e5
{[%clk 0:40:07]} 12. d5 {[%clk 1:09:05]} Nc5 {[%clk 0:37:42]} 13. Rf1 {[%clk
1:04:48]} Qd7 {[%clk 0:31:45]} 14. gxh5 {[%clk 1:01:40]} Nxh5 {[%clk 0:31:53]}
15. Nge2 {[%clk 1:01:37]} Rab8 {[%clk 0:28:39]} 16. Rfg1 {[%clk 0:59:35]} Nxd3+
{[%clk 0:27:37]} 17. Qxd3 {[%clk 0:59:47]} b5 {[%clk 0:27:53]} 18. cxb5 {[%clk
0:56:31]} Bxb5 {[%clk 0:28:14]} 19. Nxb5 {[%clk 0:56:50]} Qxb5 {[%clk 0:28:36]}
20. Qd2 {[%clk 0:55:53]} Qb4 {[%clk 0:28:10]} 21. Ng3 {[%clk 0:52:51]} Qxd2+
{[%clk 0:23:51]} 22. Bxd2 {[%clk 0:52:59]} Nf4 {[%clk 0:17:45]} 23. Kc2 {[%clk
0:48:45]} Bh6 {[%clk 0:12:09]} 24. Nf5 {[%clk 0:44:35]} Kh7 {[%clk 0:10:45]} 25.
Nxh6 {[%clk 0:44:52]} Kxh6 {[%clk 0:11:05]} 26. Bxf4+ {[%clk 0:45:13]} exf4
{[%clk 0:11:03]} 27. Rg4 {[%clk 0:45:19]} f5 {[%clk 0:10:31]} 28. Rxf4 {[%clk
0:43:09]} fxe4 {[%clk 0:10:49]} 29. Rxf8 {[%clk 0:43:30]} Rxf8 {[%clk 0:11:15]}
30. fxe4 {[%clk 0:43:52]} Rf4 {[%clk 0:11:17]} 31. Kd3 {[%clk 0:44:00]} Rf2
{[%clk 0:11:29]} 32. Rc1 {[%clk 0:39:08]} Rxb2 {[%clk 0:05:08]} 33. Rxc7 {[%clk
0:39:27]} 1/2-1/2